Aurea dicta. Dichos y proverbios del mundo clásico.

Guardat en:
Dades bibliogràfiques
Autor principal: Valentí Fiol, Eduard (autor)
Format: Llibre
Idioma:anglès
Publicat: Barcelona, España: Crítica, 1990.
Edició:2a. edición.
Col·lecció:Lecturas de filología.
Matèries:
Etiquetes: Afegir etiqueta
Sense etiquetes, Sigues el primer a etiquetar aquest registre!

MARC

LEADER 00000nam a2200000 4500
003 CL-VaPUC
005 20220822114658.0
008 220720t1990 ||||| |||| 00| 0 eng d
999 |c 437332  |d 437330 
020 |a 84-7423-331-3 
040 |c Pontificia Universidad Católica de Valparaíso 
082 |2 22  |a 398.9 VAL 1990 
100 1 |a Valentí Fiol, Eduard  |9 873475  |e autor 
245 |a Aurea dicta.   |b Dichos y proverbios del mundo clásico.  
250 |a 2a. edición.  
260 |a Barcelona, España:   |b Crítica,   |c 1990. 
300 |a 473 páginas.  
490 |a Lecturas de filología. 
500 |a c.1 Donación Familia Prof. Alejandro Guzmán Brito. 
583 |c 20220720  |k Yessy Sthefany Diaz Vidal 
650 0 |9 269154  |a Proverbios   |x Antigüedad clásica 
650 0 |9 873480  |a Refranes y proverbios   |z Roma  
942 |2 ddc  |c BK  |n 0 
952 |0 0  |1 0  |2 ddc  |4 0  |6 398_900000000000000_VAL_1990  |7 0  |8 C_AGB  |9 585091  |a BIBDER  |b BIBDER  |d 2022-07-20  |e Donación   |i 5652892  |o 398.9 VAL 1990  |p 5652892  |r 2023-01-25  |t 1  |w 2022-07-20  |y BK_US  |k AGB